Bioetica (Record n. 217653)

Dettagli MARC
000 -LEADER
fixed length control field 01281nam a2200229Ia 4500
001 - CONTROL NUMBER
control field a1567-39981
003 - CONTROL NUMBER IDENTIFIER
control field IT-MiCISF
008 - FIXED-LENGTH DATA ELEMENTS--GENERAL INFORMATION
fixed length control field 161014s9999||||xx |||||||||||||| ||und||
040 ## - CATALOGING SOURCE
Original cataloging agency IT-MiCISF
Transcribing agency IT-MiCISF
041 ## - LANGUAGE CODE
Language code of text/sound track or separate title it
999 ## - SYSTEM CONTROL NUMBERS (KOHA)
Koha Dewey Subclass [OBSOLETE] si
100 ## - MAIN ENTRY--PERSONAL NAME
Personal name Rezzaghi Roberto
245 #0 - TITLE STATEMENT
Title Bioetica
Remainder of title Per insegnanti ed educatori
250 ## - EDITION STATEMENT
Edition statement 1a ed.
260 ## - PUBLICATION, DISTRIBUTION, ETC. (IMPRINT)
Place of publication, distribution, etc. Brescia
Name of publisher, distributor, etc. La Scuola
Date of publication, distribution, etc. 2004
300 ## - PHYSICAL DESCRIPTION
Extent pp. 204
500 ## - GENERAL NOTE
General note / bioetica, pedagogia, embrione, clonazione, eutanasia / La bioetica è una moderna forma di sapere che intende valorizzare le conquiste della scienza a servizio della vita umana e della sua qualità; per questo è oggetto di vivo interesse da parte degli insegnanti, i quali hanno bisogno di rielaborare le informazioni sulle biotecnologie all'interno di una riflessione pedagogica. Il testo aiuta ad affrontare le diverse tematiche educative della bioetica alla luce di una concezione antropologica integrale. Dopo una presentazione di carattere storico gli AA. si confrontano su tre ambiti cruciali della vita umana: l'accoglienza della vita, la responsabilità di fronte all'esistenza, il suo compimento.
650 ## - SUBJECT ADDED ENTRY--TOPICAL TERM
Topical term or geographic name as entry element Temi di bioetica / bioetica
Relator term 011
700 ## - ADDED ENTRY--PERSONAL NAME
Personal name Savignano Armando
700 ## - ADDED ENTRY--PERSONAL NAME
Personal name Zacché Gabrio
942 ## - ADDED ENTRY ELEMENTS (KOHA)
Koha item type LIBRO
957 ## -
-- 1
999 ## - SYSTEM CONTROL NUMBERS (KOHA)
-- 1
Dati di copia
Withdrawn status Lost status Damaged status Not for loan Home library Current library Date acquired Total Checkouts Full call number Date last seen Price effective from Koha item type Public note
    Buone Condizioni Not For Loan CISF - Milano CISF - Milano 14/10/2016   a1567-39981 14/10/2016 14/10/2016 LIBRO Data import 15.10.2016 / by Epidotti, Vaglietti
CREDITS: SOCIETA' SAN PAOLO Via A.Severo, 58 - ROMA (RM) & PERIODICI SAN PAOLO SRL Via Giotto, 36 MILANO & CISF Via Giotto, 36 MILANO & EDIZIONI SAN PAOLO SRL,  Piazza Soncino, 5 CINISELLO BALSAMO (MI) -- ITALY